000 00775nam a2200217Ii 4500
003 JO-AjNU
008 230605s9999||||xx |||||||||||||| ||und||
017 _a1977/1417
040 _aJO-AjNU
_bara
_erda
_cJO-AjNU
041 _aara
050 1 4 _aHD85.1977
100 3 _aسنك،م ؛ترجمة عصام عبداللطيف احمد,
_eauthor
_97005
245 0 0 _aاقتصاديات المنشأة الصناعية الاشتراكية
264 3 1 _aبغداد: وزارة الاعلام،1977
300 _a194ص
336 _atext
_btxt
_2rdacontent
337 _aunmediated
_bn
_2rdamedia
338 _avolume
_bnc
_2rdacarrier
490 0 _aسلسلة الكتب المترجمة؛42
650 4 _aالانتاج-الصناعات -الشركات الاشتراكية
_97006
999 _aA60
_c3628
_d3628